000 00346nam a22001451a 4500
020 _a9781902683966
082 _a192
_bJEN/B
100 _aJenkins Mark P
245 _aBernard Williams/
_cby Jenkins Mark P
260 _aEngland:
_bAcumen,
_c2006.
300 _a203p.
650 _aPhilosophy Bernard William
650 _aPhilosophy
942 _cBK
999 _c4424
_d4424